All Modern Day Countries Of British Empire - Statistics

General Stats
  • This quiz has been taken 35 times
  • The average score is 42 of 71
Answer Stats
Continent Country % Correct
North America Usa
90%
North America Canada
87%
Oceania Australia
83%
North America Bahamas
80%
Oceania New Zealand
80%
Africa South Africa
80%
Asia Bangladesh
77%
North America Barbados
77%
Oceania Fiji
77%
Europe Ireland
77%
Europe Uk
77%
North America Belize
73%
Asia India
73%
Africa Jamaica
73%
Oceania Samoa
73%
Oceania Vanuatu
73%
Asia China
70%
Africa Egypt
70%
Africa Kenya
70%
Africa Lesotho
70%
Asia Pakistan
70%
Oceania Solomon Islands
70%
Oceania Tuvalu
70%
Africa Botswana
67%
Asia Malaysia
67%
Africa Namibia
67%
Oceania Tonga
67%
Africa Zambia
67%
Africa Zimbabwe
67%
North America Antigua & Barbuda
63%
Africa Eswatini
63%
Asia Singapore
63%
Europe France
60%
Africa Ghana
60%
Africa Iraq
60%
Africa Malawi
60%
Europe Malta
60%
Europe Spain
60%
Africa Uganda
60%
Asia Cyprus
57%
Africa South Sudan
57%
Africa Sudan
57%
Africa Tanzania
57%
North America Trinidad & Tobago
57%
Asia Yemen
57%
Asia Maldives
53%
Africa Somalia
53%
Africa Guyana
50%
Asia Israel
50%
Asia Jordan
50%
Oceania Kiribati
50%
Asia Kuwait
50%
Asia Papua New Guinea
50%
Africa Seychelles
50%
Asia Uae
50%
Asia Bahrain
47%
Africa Libya
47%
Africa Mauritius
47%
Asia Myanmar
47%
Asia Qatar
47%
Asia Afghanistan
43%
Africa Cameroon
43%
Europe Germany
43%
Africa The Gambia
43%
Asia Brunei
40%
Asia Oman
40%
Europe Greece
37%
Africa Sierra Leone
37%
Europe Italy
33%
North America Bermuda
23%
North America Nicaragua
13%
No matching quizzes found
Score Distribution
Percent of People with Each Score
Percentile by Number Answered
Your Score History
You have not taken this quiz